A sereiazinha (Registo nº 4025)

Detalhes MARC
000 -Etiqueta do registo
Cabeçalho 00822cam a22002653 4500
005 - Identificador da versão
Campo de controlo 20240813122050.0
095 ## -
-- PTBN00834218
010 ## - Número internacional normalizado dos livros (ISBN)
Número (ISBN) 9723603624
021 ## - Número do Depósito Legal
Código do país PT
Número 86869/95
100 ## - Dados gerais de processamento
Dados gerais de processamento 20161111d1995 a y0pory5003 ba
102 ## - Pais de publicação ou produção
País de publicação Portugal
101 1# - Língua de publicação
Língua do texto, banda sonora, etc. Português
Língua do documento no original Dinamarquês
215 ## - Descrição física 
Indicação específica da natureza do documento e extensão da espécie 61, [3] p.
Outras indicações físicas il. color
200 1# - Titulo e menção de responsabilidade
Título próprio A sereiazinha
Primeira menção de responsabilidade Hans Christian Andersen
Outras menções de responsabilidade il. Manuela Bacelar
-- trad. Ribeiro da Fonseca
210 ## - Publicação, Distribuição, etc. 
Lugar da edição, distribuição, etc. Porto
Nome do editor, distribuidor, etc. Afrontamento
Data da publicação, distribuição, etc. D.L. 1995
606 ## - Nome comum usado como assunto
Número de registo de entrada de autoridade 0001334
Palavra de ordem Literatura dinamarquesa
Subdivisão de assunto Conto
Código do sistema CA
675 ## - Classificação Decimal Universal (CDU)
Notação 821.113.4-34
Edição 3ª ed.
Língua da edição por
702 #1 - Nome de autor-pessoa física (responsabilidade secundária)
Número de registo de entrada de autoridade 0000045
Palavra de ordem Bacelar
Outra parte do nome não tomada para palavra de ordem Manuela
Datas 1943-
Código de função Ilustrador / Técnico de desenho computorizado
Número de registo de entrada de autoridade 0000088
Palavra de ordem Fonseca
Outra parte do nome não tomada para palavra de ordem Ribeiro da
Código de função Tradutor
700 #1 - Nome de autor-pessoa física (responsabilidade principal)
Número de registo de entrada de autoridade 0000290
Palavra de ordem Andersen
Outra parte do nome não tomada para palavra de ordem Hans Christian
Datas 1805-1875
966 ## - Identificação da Biblioteca
Sigla EBVEN
942 ## - Elementos de entrada adicionados (Koha)
Tipo de item no Koha Livro
Exemplares
Situação do levantamento Origin of item (home branch) (coded) Biblioteca de empréstimo Código de barras Cota Circulation type (not for loan) Tipo de documento Nota do exemplar Damaged status
  Biblioteca Escolar das Vendas Biblioteca Escolar das Vendas BEV4 8EST AND   Livro Sem mensagem